Romanian Diaspora - Statistics

General Stats
  • This quiz has been taken 154 times
  • The average score is 35 of 47
Answer Stats
Country Amount % Correct
Italy 1,000,000+
99%
United Kingdom 100,000+
98%
United States 1,000,000+
98%
Germany 1,000,000+
95%
Spain 100,000+
95%
France 100,000+
92%
Ukraine 100,000+
92%
Hungary 10,000+
91%
Russia 1,000+
91%
Canada 100,000+
90%
Greece 10,000+
90%
Poland 1,000+
89%
Moldova 100,000+
88%
Sweden 10,000+
88%
Portugal 10,000+
87%
Austria 100,000+
86%
Belgium 10,000+
86%
Netherlands 10,000+
86%
Serbia 10,000+
86%
Turkey 10,000+
86%
Norway 10,000+
85%
Australia 10,000+
84%
Brazil 100,000+
84%
Finland 1,000+
83%
Argentina 10,000+
82%
Ireland 10,000+
80%
China 1,000+
79%
Switzerland 10,000+
78%
Slovakia 1,000+
77%
Japan 10,000+
76%
Denmark 10,000+
75%
Czech Republic 10,000+
74%
New Zealand 1,000+
73%
Chile 1,000+
71%
Israel 100,000+
69%
Luxembourg 1,000+
63%
South Africa 1,000+
62%
United Arab Emirates 1,000+
56%
Latvia 1,000+
55%
Iceland 1,000+
53%
North Macedonia 1,000+
48%
Kazakhstan 10,000+
47%
Montenegro 1,000+
47%
Venezuela 10,000+
44%
Qatar 1,000+
35%
Azerbaijan 1,000+
29%
Jordan 1,000+
23%
No matching quizzes found
Score Distribution
Percent of People with Each Score
Percentile by Number Answered
Your Score History
You have not taken this quiz